| 000 | 00791cam a2200277 a 4500 | ||
|---|---|---|---|
| 008 | |||
| 020 | _a0521468361 (pbk.) | ||
| 049 | _aMAIN | ||
| 090 |
_aQC355.2 _bLYN |
||
| 100 | 1 | _aLynch, David K. | |
| 245 | 1 | 0 |
_aColor and light in nature / _cDavid K. Lynch, William Livingston. |
| 260 |
_aCambridge : _bCambridge University Press, _c1995. |
||
| 300 |
_axi, 254 p. : _bill. (some col.) ; _c26 cm. |
||
| 504 | _aIncludes bibliographical references . | ||
| 650 | 0 | _aLight. | |
| 650 | 0 | _aOptics. | |
| 650 | 0 | _aColor. | |
| 650 | 0 | _aAstronomy. | |
| 650 | 0 | _aAstrophysics. | |
| 700 | 1 | _aLivingston, W.C. | |
| 907 |
_a.b10041990 _b20-04-12 _c17-04-03 |
||
| 003 | |||
| 005 | 20230123134258.0 | ||
| 040 | _cNUST | ||
| 942 |
_cBOOKS _kQC355.2 _mLYN |
||
| 999 |
_c163140 _d163140 |
||